Statistiques concernant Les disney avec des animaux qui parlent

Cliquez ici pour prendre le quiz!

Statistiques générales

  • Ce quiz a été pris 181 fois
    (133 depuis la dernière actualisation)
  • Le résultat moyen est 14 sur 33

Statistiques - réponses

Année de sortieFilm d'animation% Correct
1994Le roi lion
78%
1950Cendrillon
72%
1989La petite sirène
67%
1955La Belle et le Clochard
64%
1942Bambi
63%
1970Les Aristochats
62%
1998Mulan
60%
1961Les 101 dalmatiens
58%
1941Dumbo
57%
1992Aladdin
56%
1977Les aventures de Bernard et Bianca
56%
1967Le livre de la jungle
55%
2016Zootopie
49%
1940Fantasia
48%
2009La princesse et la grenouille
48%
1940Pinocchio
48%
1981Rox et Rouky
41%
1951Alice au pays des merveilles
40%
1973Robin des bois
39%
1999Tarzan
39%
1977Les aventures de Winnie l'Ourson
38%
1963Merlin l'Enchanteur
30%
2000Kuzco, l'empereur mégalo
27%
2003Frère des ours
26%
1988Oliver & compagnie
26%
2008Volt, star malgré lui
26%
1986Basil, détective privé
22%
2004La ferme se rebelle
21%
2005Chicken Little
19%
2000Dinosaure
17%
1945Les Trois Caballeros
15%
1949Le Crapaud et le Maître d'école
13%
1943Saludos amigos
12%

Distribution des résultats

Percentile par nombre de réponses

% des personnes avec chaque résultat

Votre développement - résultats

Vous n’avez pas pris ce quiz depuis la dernière actualisation